MARC

LEADER 00000nam0a2200000 4500
001 272431
005 20231101234531.0
020 |a RU  |b 87-49338 
035 |a (RuTPU)RU\TPU\book\295637 
090 |a 272431 
100 |a 20141017d1987 km y0rusy5003 ca 
101 0 |a rus 
102 |a RU 
105 |a a z 001zy 
200 1 |a Нефтегазоносность Прикаспийской впадины и сопредельных районов  |e сборник статей  |f Академия наук СССР (АН СССР), Институт геологии и разработки горючих ископаемых (ИГиРГИ) ; под ред. Н. А. Крылова 
210 |a Москва  |c Наука  |d 1987 
215 |a 191 с.  |c ил. 
320 |a Библиогр. в конце ст. 
606 1 |a Нефтегазоносность  |2 stltpush  |3 (RuTPU)RU\TPU\subj\45617  |9 64783 
610 1 |a нефтеносные районы 
610 1 |a газоносные районы 
610 1 |a Прикаспийская впадина 
610 1 |a геологические исследования 
610 1 |a формирование 
610 1 |a синеклизы 
610 1 |a геологическое строение 
610 1 |a подсолевые отложения 
610 1 |a сейсмические исследования 
675 |a 553.98.044  |z rus  |v 4 
702 1 |a Крылов  |b Н. А.  |g Николай Алексеевич  |4 340 
712 0 2 |a Академия наук СССР (АН СССР)  |b Институт геологии и разработки горючих ископаемых (ИГиРГИ)  |c (Москва)  |c (1958-????)  |2 stltpush  |3 (RuTPU)RU\TPU\col\13483 
801 0 |a RU  |b RuMRKP  |c 19950417  |g psbo 
801 1 |a RU  |b 63413507  |c 20141017 
801 2 |a RU  |b 63413507  |c 20170316  |g RCR 
942 |c BK